| Поле | Название | Значение |
| |
Тип записи |
a |
| |
Библиографический уровень |
m |
| 001 |
Контрольный номер |
LIBNET\0000997689 |
| 005 |
Дата корректировки |
20190708131349.7 |
| 010 |
Индекс ISBN |
__ |
| a |
ISBN |
978-5-04-089933-3 |
| b |
Уточнения |
в пер. |
| 9 |
Тираж |
5000 (доп. тираж) |
| d |
Цена |
363-33 |
| 035 |
Другие системные номера |
__ |
| a |
Идентификатор записи |
ROSTOV\BIBL\z0001640843 |
| 100 |
Данные общей обработки |
__ |
| a |
Данные общей обработки |
20190529d2018####d##y0rusy0189 ca |
| 101 |
Язык документа |
0_ |
| a |
Язык текста |
rus |
| 102 |
Страна публикации |
__ |
| a |
Страна публикации |
RU |
| 105 |
Кодированные данные (монография) |
__ |
| a |
Кодированные данные (монография) |
a###z###000yy |
| 200 |
Заглавие и сведения об ответственности |
1_ |
| a |
Заглавие |
Здоровье ребенка |
| e |
Сведения, относящиеся к заглавию |
современный подход, как научиться справляться с болезнями и собственной паникой |
| f |
Первые сведения об ответственности |
Сергей Бутрий |
| 210 |
Выходные данные |
1_ |
| a |
Место издания |
Москва |
| c |
Издательство |
Эксмо |
| d |
Дата издания |
2018 |
| 215 |
Физическое описание |
__ |
| a |
Объем |
239 с. |
| c |
Иллюстрации/тип воспроизводства |
ил. |
| d |
Формат |
22 |
| 300 |
Общие примечания |
__ |
| a |
Общие примечания |
На обл.: "Страшные" и "неопасные" состояния: 5 способов их различить, ключевые симптомы главных детских болезней, лекарства, которые работают |
| 330 |
Аннотация |
__ |
| a |
Аннотация |
Книга – своего рода путеводитель по педиатрии : в ней 47 глав, указатель наиболее частых заболеваний и лекарств, таблицы соотношений роста и веса мальчиков и девочек (ВОЗ), график прививок, рекомендованный национальным календарем прививок РФ. Автор дает представление о частых детских болезнях, о простейших способах предохранения малышей от заражения, о путях предотвращения заболеваний. Рассматриваются частные случаи из медицинской практики ; отдельный акцент ставится на взаимоотношениях врача и пациента, в частности – на взаимном доверии. Автор делится своими мыслями о медицине, дает советы и разъяснения по конкретным вопросам здоровья детей |
| 333 |
Примечание о целевом назначении |
__ |
| a |
Примечание о целевом назначении |
12+ |
| 345 |
Примечание, относящееся к информации о комплектовании |
__ |
| a |
Адрес источника комплектования / подписки |
ООО "Фирма "Гранд", бюджет |
| 606 |
Тематические рубрики |
1_ |
| a |
Основная рубрика |
Здравоохранение. Медицинские науки |
| 2 |
Код системы |
nlr_sh |
| 3 |
Контрольный № нормативной записи |
RU\NLR\AUTH\669499 |
| j |
Формальный подзаголовок |
Популярные издания |
| 606 |
Тематические рубрики |
__ |
| a |
Основная рубрика |
Педиатрия |
| 606 |
Тематические рубрики |
1_ |
| 2 |
Код системы |
nlr_sh |
| 3 |
Контрольный № нормативной записи |
RU\NLR\AUTH\66260451 |
| j |
Формальный подзаголовок |
Популярные издания |
| 610 |
Ключевые слова |
0_ |
| a |
Ключевые слова |
болезни детские |
| a |
Ключевые слова |
лечение детских болезней |
| a |
Ключевые слова |
уход за больными детьми |
| a |
Ключевые слова |
ОРВИ |
| a |
Ключевые слова |
средний отит |
| a |
Ключевые слова |
гастроэнтерит |
| a |
Ключевые слова |
ветряная оспа |
| a |
Ключевые слова |
дакриоцистит |
| a |
Ключевые слова |
желтуха новорожденных |
| a |
Ключевые слова |
антибиотики |
| a |
Ключевые слова |
недержание мочи |
| a |
Ключевые слова |
энтеровирусные экзантемы |
| a |
Ключевые слова |
эпиглоттит |
| a |
Ключевые слова |
атопический дерматит |
| a |
Ключевые слова |
педикулез |
| a |
Ключевые слова |
ожоги |
| a |
Ключевые слова |
стероидофобии |
| a |
Ключевые слова |
витамины |
| a |
Ключевые слова |
гемоглобин |
| a |
Ключевые слова |
скрининги |
| a |
Ключевые слова |
вакцинация |
| a |
Ключевые слова |
прививки |
| a |
Ключевые слова |
коклюш |
| 610 |
Ключевые слова |
0_ |
| a |
Ключевые слова |
Популярные издания |
| 686 |
Индексы других классификаций |
__ |
| a |
Индекс ББК |
57.33 |
| v |
Номер издания |
LBC/M |
| 2 |
Код системы |
rubbk |
| 700 |
Автор |
_1 |
| a |
Фамилия |
Бутрий |
| b |
Имя |
С. |
| g |
Полное личное имя |
Сергей |
| 801 |
Источник записи |
_0 |
| a |
Страна |
RU |
| b |
Организация |
Донская ГПБ |
| c |
Дата составления |
20190508 |
| g |
Правила каталогизации |
rcr |
| 801 |
Источник записи |
_1 |
| a |
Страна |
RU |
| b |
Организация |
Донская ГПБ |
| c |
Дата составления |
20190508 |
| 2 |
Код формата |
rusmarc |
| 801 |
Источник записи |
_2 |
| a |
Страна |
RU |
| b |
Организация |
Донская ГПБ |
| c |
Дата составления |
20190620 |
| 2 |
Код формата |
rusmarc |
| 801 |
Источник записи |
_2 |
| a |
Страна |
RU |
| b |
Организация |
Центральная районная библиотека им. Г. А. Пирожникова |
| 830 |
Общее примечание каталогизатора |
__ |
| a |
Текст примечания |
097 Пруцкая Ольга Вадимовна |
| 852 |
Данные о местонахождении |
__ |
| j |
Шифр хранения |
57.33 |
| i |
Авторский знак |
Б 934 |
| 901 |
Тип документа |
__ |
| t |
Тип документа |
m |
| 902 |
Роль лиц |
__ |
| b |
Редактор БЗ |
ОКиОЛ/Струналь |